<?xml version="1.0" encoding="UTF-8"?><?xml-stylesheet type="text/xsl" href="static/style.xsl"?><OAI-PMH xmlns="http://www.openarchives.org/OAI/2.0/" xmlns:xsi="http://www.w3.org/2001/XMLSchema-instance" xsi:schemaLocation="http://www.openarchives.org/OAI/2.0/ http://www.openarchives.org/OAI/2.0/OAI-PMH.xsd"><responseDate>2026-04-17T23:16:52Z</responseDate><request verb="GetRecord" identifier="oai:riubu.ubu.es:10259/10363" metadataPrefix="marc">https://riubu.ubu.es/oai/request</request><GetRecord><record><header><identifier>oai:riubu.ubu.es:10259/10363</identifier><datestamp>2025-03-26T23:00:49Z</datestamp><setSpec>com_10259_2699</setSpec><setSpec>col_10259_2725</setSpec></header><metadata><record xmlns="http://www.loc.gov/MARC21/slim" xmlns:doc="http://www.lyncode.com/xoai" xmlns:xsi="http://www.w3.org/2001/XMLSchema-instance" xmlns:dcterms="http://purl.org/dc/terms/" xsi:schemaLocation="http://www.loc.gov/MARC21/slim http://www.loc.gov/standards/marcxml/schema/MARC21slim.xsd">
<leader>00925njm 22002777a 4500</leader>
<datafield tag="042" ind1=" " ind2=" ">
<subfield code="a">dc</subfield>
</datafield>
<datafield tag="720" ind1=" " ind2=" ">
<subfield code="a">Cantera Cuartango, Miguel Ángel</subfield>
<subfield code="e">author</subfield>
</datafield>
<datafield tag="260" ind1=" " ind2=" ">
<subfield code="c">2024</subfield>
</datafield>
<datafield tag="520" ind1=" " ind2=" ">
<subfield code="a">Uno de los desafíos técnicos más importantes de la sociedad actual es reducir las emisiones de CO2 para mitigar al máximo las consecuencias del cambio climático y avanzar hacia un planeta más sostenible. Para ello, se ha de incrementar el uso de fuentes de energía renovable, lo que requiere implementar tecnologías de almacenamiento de energía que sean capaces de equilibrar el grid eléctrico. Entre ellas destacan las baterías de flujo redox, las cuales para ser viables necesitan de sistemas electrónicos capaces de asegurar su vida útil y gestionar los datos que generan mejorando su eficiencia. Esta tesis plantea un sistema de gestión de batería flexible, abierto y de bajo coste capaz de monitorizar el estado de salud de la batería y de corregirlo. Además, registra los datos en la nube y aplica Inteligencia Artificial en ellos con el objetivo de detectar el desbalanceo faradaico de una forma eficiente y precisa.</subfield>
</datafield>
<datafield tag="024" ind2=" " ind1="8">
<subfield code="a">http://hdl.handle.net/10259/10363</subfield>
</datafield>
<datafield tag="024" ind2=" " ind1="8">
<subfield code="a">10.36443/10259/10363</subfield>
</datafield>
<datafield ind1=" " ind2=" " tag="653">
<subfield code="a">Batería flujo redox</subfield>
</datafield>
<datafield ind1=" " ind2=" " tag="653">
<subfield code="a">Desbalanceo faradaico</subfield>
</datafield>
<datafield ind1=" " ind2=" " tag="653">
<subfield code="a">Vida útil</subfield>
</datafield>
<datafield ind1=" " ind2=" " tag="653">
<subfield code="a">Automatización</subfield>
</datafield>
<datafield ind1=" " ind2=" " tag="653">
<subfield code="a">Inteligencia artificial</subfield>
</datafield>
<datafield ind1=" " ind2=" " tag="653">
<subfield code="a">Redox flow battery</subfield>
</datafield>
<datafield ind1=" " ind2=" " tag="653">
<subfield code="a">Faradaic imbalance</subfield>
</datafield>
<datafield ind1=" " ind2=" " tag="653">
<subfield code="a">Cycling lifespan</subfield>
</datafield>
<datafield ind1=" " ind2=" " tag="653">
<subfield code="a">Automation</subfield>
</datafield>
<datafield ind1=" " ind2=" " tag="653">
<subfield code="a">Artificial intelligence</subfield>
</datafield>
<datafield tag="245" ind1="0" ind2="0">
<subfield code="a">Automatización de baterías de flujo redox: adquisición de datos, control, monitorización, gestión remota y predicción mediante redes neuronales</subfield>
</datafield>
</record></metadata></record></GetRecord></OAI-PMH>